Lun yu yi yi ji zhu /

Saved in:
Bibliographic Details
Main Author: Gong, Yingde.
Format: Book
Language:Chinese
Published: Xinzhu : Xin lian chu ban she, Min guo 50 [1961].
Subjects:
Tags: Add Tag
No Tags, Be the first to tag this record!
LEADER 00775cam a2200229ua 4500
001 007725609-3
005 20024617105648.0
008 920506s1961 ch 000 0 chi d
035 0 |a ocm26030468 
040 |a MnU  |c MnU  |d WU  |d *YNH*  |d CStRLIN 
100 1 |6 880-01  |a Gong, Yingde. 
245 1 0 |6 880-02  |a Lun yu yi yi ji zhu /  |c Gong Yingde zhuan. 
260 |6 880-03  |a Xinzhu :  |b Xin lian chu ban she,  |c Min guo 50 [1961]. 
300 |a 137 p. ;  |c 19 cm. 
500 |a Errata slip mounted on p. [138]. 
600 0 0 |6 880-04  |a Confucius.  |t Lun yu. 
880 1 |6 100-01  |a 弓英德. 
880 1 0 |6 245-02  |a 論語疑義輯注/  |c 弓英德撰. 
880 |6 260-03  |a 新竹:  |b 新聯出版社,  |c 民國50 [1961]. 
880 0 0 |6 600-04  |a Confucius,  |t 論語. 
988 |a 20021103 
906 |0 OCLC